Statistics for Random Water Body to Largest Cities

Click here to take the quiz!

General Stats

  • This quiz has been taken 42 times
  • The average score is 19 of 30

Answer Stats

City% Correct
Mediterranean SeaAlexandria
100%
Aegean SeaAthens
100%
Mediterranean SeaBarcelona
100%
Danube RiverBelgrade
100%
Congo RiverBrazzaville
100%
Danube RiverBudapest
100%
Rio De La PlataBuenos Aires
100%
Nile RiverCairo
100%
Bay of BengalChennai
100%
Bay of BengalChittagong
100%
Yangtze RiverChongqing
100%
Baltic SeaCopenhagen
100%
Persian GulfDoha
100%
Persian GulfDubai
100%
Congo RiverKinshasa
100%
Persian GulfKuwait City
100%
Gulf of GuineaLagos
100%
Mississippi RiverMinneapolis
100%
Arabian SeaMumbai
100%
Mediterranean SeaNaples
100%
Black SeaOdessa
100%
North SeaOslo
100%
Yangtze RiverShanghai
100%
Mississippi RiverSt Louis
100%
Baltic SeaStockholm
100%
Aegean SeaThessaloniki
100%
Great Lakes of N. AmericaToronto
100%
Yangtze RiverWuhan
100%
Red SeaJeddah
80%
Arabian SeaKarachi
75%
Ganges RiverKolkata
75%
Adriatic SeaVenice
75%
Niger RiverBamako
67%
Great Lakes of N. AmericaChicago
67%
Great Lakes of N. AmericaDetroit
67%
Niger RiverNiamey
67%
Caribbean SeaPort au Prince
67%
Caribbean SeaSanto Domingo
67%
East China SeaSeoul
67%
East China SeaShanghai
67%
Gulf of GuineaAbidjan
50%
Gulf of GuineaAccra
50%
North SeaAmsterdam
50%
Sea of JapanBusan
50%
Ganges RiverDhaka
50%
South China SeaGuangzhou
50%
Aegean SeaIzmir
50%
Rio De La PlataLa Plata
50%
South China SeaManila
50%
Rio De La PlataMontevideo
50%
Mekong RiverPhnom Penh
50%
North SeaRotterdam
50%
Sea of JapanSapporo
50%
Red SeaPort Sudan
40%
Nile RiverKhartoum
33%
Niger RiverOnitsha
33%
Tasman SeaSydney
33%
East China SeaTianjin
33%
Mekong RiverVientiane
33%
Adriatic SeaBari
25%
Ganges RiverKanpur
25%
Arabian SeaSurat
25%
South China SeaXiamen
25%
Red SeaSuez
20%
Tasman SeaAdelaide
0%
Nile RiverAlexandria
0%
Tasman SeaBrisbane
0%
Mekong RiverCan Tho
0%
Sea of JapanFukuoka
0%
Gulf of MexicoHouston
0%
Congo RiverKisangani
0%
Amazon RiverMacapa
0%
Amazon RiverManaus
0%
Mississippi RiverMemphis
0%
Gulf of MexicoNew Orleans
0%
Black SeaSamsun
0%
Amazon RiverSantarém
0%
Caribbean SeaSantiago de Cuba
0%
Black SeaSochi
0%
Baltic SeaSt. Petersburg
0%
Gulf of MexicoTampa
0%
Adriatic SeaTrieste
0%
Danube RiverVienna
0%
Bay of BengalYangon
0%

Score Distribution

Percentile by Number Answered

Percent of People with Each Score

Your Score History

You have not taken this quiz